Conflicto y balance de derechos (Record no. 206607)

MARC details
000 -CABECERA
campo de control de longitud fija 01060nam a2200289 u 4500
005 - FECHA Y HORA DE LA ÚLTIMA TRANSACCIÓN
campo de control 20240924070859.0
008 - ELEMENTOS DE LONGITUD FIJA--INFORMACIÓN GENERAL
campo de control de longitud fija 191202s2018 mx r 000 0 spa d
020 ## - NÚMERO INTERNACIONAL NORMALIZADO PARA LIBROS
Número Internacional Estándar del Libro 9786077365471
035 ## - NÚMERO DE CONTROL DEL SISTEMA
Número de control de sistema UPN01000234512
040 ## - FUENTE DE LA CATALOGACIÓN
Centro catalogador/agencia de origen MX-MxUPN
Lengua de catalogación spa
Centro/agencia transcriptor MX-MxUPN
050 ## - SIGNATURA TOPOGRÁFICA DE LA BIBLIOTECA DEL CONGRESO
Número de clasificación K376
Número de documento/Ítem M46 2018
100 1# - ASIENTO PRINCIPAL--NOMBRE PERSONAL
Nombre de persona Mendonca, Daniel
9 (RLIN) 45677
245 10 - MENCIÓN DE TÍTULO
Título Conflicto y balance de derechos
250 ## - MENCIÓN DE EDICIÓN
Mención de edición Primera edición
260 ## - PUBLICACIÓN, DISTRIBUCIÓN, ETC.
Lugar de publicación, distribución, etc. Ciudad de México, México :
Nombre del editor, distribuidor, etc. Editorial Fontamara,
Fecha de publicación, distribución, etc. 2018.
300 ## - DESCRIPCIÓN FÍSICA
Extensión 92 páginas
490 ## - MENCIÓN DE SERIE
Mención de serie Cátedra Ulises Schmill ;
Designación de volumen o secuencia 2017
500 ## - NOTA GENERAL
Nota general En portada: ITAM, ELD, Suprema Corte de Justicia de la Nación
505 0# - NOTA DE CONTENIDO CON FORMATO PREESTABLECIDO
Nota de contenido con formato Conflicto y balance de derechos / Daniel Mendonca -- Concepciones de la democracia y la teoría sociológica del conflicto / Ulises Schmill.
650 #2 - ASIENTO SECUNDARIO DE MATERIA - TERMINO TEMATICO
Término de materia o nombre geográfico como elemento de entrada Jurisprudencia sociológica
9 (RLIN) 6667
650 #2 - ASIENTO SECUNDARIO DE MATERIA - TERMINO TEMATICO
Término de materia o nombre geográfico como elemento de entrada Conflicto social
9 (RLIN) 6949
650 #4 - ASIENTO SECUNDARIO DE MATERIA - TERMINO TEMATICO
Término de materia o nombre geográfico como elemento de entrada Derecho
Subdivisión general Filosofía
9 (RLIN) 9941
650 #2 - ASIENTO SECUNDARIO DE MATERIA - TERMINO TEMATICO
Término de materia o nombre geográfico como elemento de entrada Derechos civiles
Subdivisión general Interpretación y construcción
9 (RLIN) 7718
905 ## - TIPO DE MATERIAL
Tipo de material Libro
942 ## - ELEMENTOS DE PUNTO DE ACCESO ADICIONAL (KOHA)
Suprimir en OPAC No
Tipo de ítem Koha Libro
Fuente del sistema de clasificación o colocación Library of Congress Classification
Holdings
Estado de retiro Estado de pérdida Fuente del sistema de clasificación o colocación Estado dañado No para préstamo Código de colección Localización permanente Ubicación/localización actual Ubicación en estantería Fecha de adquisición Clasificación Código de barras Fecha visto por última vez Número de copia Tipo de ítem Koha
    Library of Congress Classification     Colección General Bib. Gregorio Torres Quintero Bib. Gregorio Torres Quintero Planta baja 24/06/2022 K376 M46 2018 332808 31/12/2020 1 Libro
    Library of Congress Classification     Colección General Bib. Gregorio Torres Quintero Bib. Gregorio Torres Quintero Planta baja 24/06/2022 K376 M46 2018 332809 31/12/2020 Ej.2 Libro